Top 20 des pays les plus grands d'Europe - Statistiques

Statistiques générales
  • Ce quiz a été pris 478 fois
  • Le résultat moyen est 18 sur 20
Statistiques - réponses
Rang Pays % Correct
3- France
99%
4- Espagne
98%
1- Russie
98%
6- Allemagne
97%
10- Italie
95%
2- Ukraine
95%
9- Pologne
94%
8- Norvège
93%
11- Royaume-Uni
93%
5- Suède
93%
7- Finlande
91%
14- Grèce
89%
19- Autriche
87%
18- Portugal
87%
12- Roumanie
87%
17- Hongrie
85%
13- Biélorussie
83%
20- République Tchèque
80%
15- Bulgarie
79%
16- Islande
72%
Aucun quiz correspondant
Distribution des résultats
% des personnes avec chaque résultat
Percentile par nombre de réponses
Votre historique - résultats
Vous n’avez pas pris ce quiz